MARC

LEADER 00000nam a2200000Ia 4500
001 19622
008 160829s2006 xx 000 0 cat d
080 |a FU-9-44 
245 |a Cuida't les dents :  |b  guia de l'exposició 
260 |a Barcelona :  |b Diputació de Barcelona. Àrea de Salut Pública i Consum. Servei de Salut Pública i Consum,  |c 2006 
300 |a 27 p., 11 f. solts :  |b  il. col. ;  |c 24 cm 
590 |a A la contraportada: Exposició itinerant propietat de l'Àrea de Salut Pública i Consum de la Diputació de Barcelona.  
590 |a Inclou 11 fitxes de 'Material complementari per treballar a l'aula després d'haver anat a l'exposició' 
650 |a Dents  |x Cura i higiene  |x Exposicions  |9 40097 
650 0 |a Dents  |x Cura i higiene   |x Educació primària  |9 49586 
710 |a Barcelona (Catalunya : Província).  |b Servei de Salut Pública i Consum  |9 8151 
710 |a Barcelona (Catalunya : Província).  |b Àrea de Salut Pública i Consum  |9 7348 
901 |a Arxiu 
942 |n 1  |2 udc 
952 |0 0  |1 0  |4 0  |6 FU944  |7 1  |9 49413  |a Arxiu  |b Arxiu  |d 2016-12-01  |l 0  |o FU-9-44  |p 19622  |r 2016-12-01 00:00:00  |w 2016-12-01  |y ARXIU 
999 |c 53255  |d 53255